| 000 | 01014nam a22002897a 4500 | ||
|---|---|---|---|
| 001 | 5116 | ||
| 003 | FISKH | ||
| 005 | 20250528121911.0 | ||
| 008 | 241106b cb ||||| |||| 00| 0 eng d | ||
| 020 | _a0590690140 | ||
| 040 |
_aFISKH _beng _cFISKH _dFISKH |
||
| 050 | _aPZ7.C94137 | ||
| 082 | _a813.54 | ||
| 100 | _aCurtis, Christopher Paul | ||
| 245 |
_aThe Watsons go to Birmingham—1963 / _cby Christopher Paul Curtis |
||
| 250 | _aFirst Scholastic printing ,January 1998 | ||
| 260 |
_aNew York : _bScholastic ; _c1995 . |
||
| 300 |
_a210 pages : _billustrations ; _c20 cm . |
||
| 505 | _aZ | ||
| 520 | _aThe ordinary interactions and everyday routines of the Watsons, an African American family living in Flint, Michigan, are drastically changed after they go to visit Grandma in Alabama in the summer of 1963. | ||
| 521 | 8 |
_a920
_bLexile |
|
| 521 | 8 |
_aQ
_bRaz-Plus |
|
| 650 |
_afamily _vfition |
||
| 700 |
_aClark , Susan _eBook Designer |
||
| 942 |
_2ddc _cBK _n0 |
||
| 999 |
_c5116 _d5116 |
||